01122 2200265 4500001002100000005001500021035002000036007000300056008004100059082000800100084001400108100002000122245014400142250001500286260003600301300002900337650001400366650001600380650001600396650002200412700002100434700002200455520036700477990001200844INLIS00000000000591920260425054926 a0010-0426000006ta260425 g 0 dut  a908 a908 BRU l0 aBRUMMELKAMP, J.1 aLand en volkenkunde voor kweekschool : III. Nederland, Nederlandsch Oost en West Indie /cJ. Brummelkamp, J.J. Fahrenfort, P.M. van Leeuwen aDerde druk aBatavia :bJ. B. Wolters,c1946 a236 p. :bill. ;c24 cm. 4aGEOGRAPHY 4aETHNOGRAPHY 4aNETHERLANDS 4aNETHERLANDS INDIE0 aFAHRENFORT, J.J.0 aLEEUWEN, P.M. van aBuku Land en volkenkunde voor kweekschool III: Nederland, Nederlandsch Oost en West-Indiƫ karya J. Brummelkamp, J. J. Fahrenfort, dan P. M. van Leeuwe membahas tentang geografi dan etnografi yang ditujukan untuk pendidikan guru (kweekschool), mencakup pengetahuan mengenai Belanda, Hindia Belanda Timur, dan Hindia Belanda Barat dalam konteks sosial dan budaya. a1103/73